000 00376cam a22001337a 4500
008 180718b1956 xxu||||| |||| 00| 0 eng d
082 _aPx73 K112
100 _aKabir, Humayun
245 _aAn Indian looks at American education
_cby Humayun Kabir
260 _aNew Delhi
_bEastern Economist
_c1956
300 _a21p.
650 _aEducation - India
650 _aEducation - USA
999 _c370998
_d370998